000 01117cam a2200301 a 4500
001 602
005 20250508144833.0
020 _a0763620254 (reinforced trade ed. : alk. paper)
040 _aDLC
_cDLC
_dDLC
_beng
050 0 0 _aPZ7.M478419
_bSt 2005
082 0 0 _a[Fic]
_222
100 1 _aMcDonald, Megan.
245 1 0 _aStink :
_bthe incredible shrinking kid /
_cMegan McDonald ; illustrated by Peter H. Reynolds.
250 _a1st ed.
260 _aCambridge, Mass. :
_bScholastic,
_c2005.
300 _a102 pages :
_billustrations ;
_c20 cm.
505 _aK
520 _aThe shortest kid in the second grade, James Moody, also known as Stink, learns all about the shortest president of the United States, James Madison, when they celebrate Presidents' Day at school.
521 _a540
_bLexile
521 _aK
_bRaz-Plus
650 1 _aSize
_vFiction.
650 1 _aSchools
_vFiction.
650 1 _aSiblings
_vFiction.
650 1 _aPresidents
_vFiction.
700 1 _aReynolds, Peter H.
_q(Peter Hamilton),
_d1961-
_eillustrator
906 _a7
_bcbc
_corignew
_d1
_eocip
_f20
_gy-gencatlg
942 _2lcc
_cBK
_n0
999 _c602
_d602